000 00715cab a2200217 4500
001 WB3213-22
008 090401t1996 xxu||||| |||| 00| 0 eng d
035 _a(Sirsi) u60637
041 _aeng
245 _aWaste management licence appeals
260 _c1996
350 _a0
490 _aDoE News Release
_v141 25 March 1996, (2)
520 _aSoS Environment is to transfer his decision-making power on waste management licensing appeals to the Planning Inspectorate in Bristol from 1 April 1996.
650 _aPLANNING INSPECTORATE
650 _aWASTE MANAGEMENT LICENSING
690 _aENVIRONMENTAL AND LAND CONSULTANCY
690 _aPLANNING LAW AND PRACTICE
942 _n0
948 _c04/03/1997
999 _c37443
_d37443